Djibouti pour les touristes... - Statistiques

Statistiques générales
  • Ce quiz a été pris 12 fois
  • Le résultat moyen est 12 sur 20
Statistiques - réponses
Question Indice Réponses % Correct
Quelles sont les langues officielles ? Français
92%
Ce pays est plus grand que la France (oui/non) Non
92%
Dans la capitale quel est le décalage horaire avec Paris ? (+ ou - et chiffre) ex - 10 + 1
83%
Quelles sont les langues officielles ? Arabe
83%
Le suffixe internet est dj
83%
Quel pays a accordé son indépendance à celui-ci ? France
83%
La religion majoritaire est Islam
83%
Code sur les plaques minéralogiques DJI
75%
Quel est le régime du pays ? République
75%
Quelles sont les langues officielles ? Somali
75%
Le principal aéroport est D Djibouti
67%
Quelle est la monnaie ? Franc Djibouti
67%
Quelles sont les langues officielles ? Afar
50%
Quels est le climat local ? D Désertique
50%
Quelles sont les principaux lieux touristiques ? L Lac {Assal}
50%
Quelles sont les principaux lieux touristiques ? N Parc de la forêt de {Day}
50%
Quelles sont les principaux lieux touristiques ? C Place {Menelik}
33%
Achats à faire 3/ Instrument de musique Krar
8%
Achats à faire 1/ Pour le sol Natte
8%
Achats à faire 2/ Pour les courses ? Panier
8%
Aucun quiz correspondant
Distribution des résultats
% des personnes avec chaque résultat
Percentile par nombre de réponses
Votre historique - résultats
Vous n’avez pas pris ce quiz